000 nam a22 7a 4500
999 _c129797
_d129797
008 190904b xxu||||| |||| 00| 0 eng d
050 _aSPC. DT1.T50
_bT213
100 _aTassi, Yves
_948043
245 _aPersonhood and the ethics of abortion
_bchallenges and prospects
_cYves Tassi
260 _aHarare
_bArrupe jesuit University
_c2019
300 _aii, 122p. ;
_c31cm.
500 _aThesis
650 _aAbortion
_939929
942 _2lcc
_cSPC